000 00309nam a22001217a 4500
005 20180217102717.0
008 180217b xxu||||| |||| 00| 0 eng d
041 _aeng
100 _aSahay,Raj
_94145
245 _aAdeem Munda Aur Unka Pradesh
260 _aJamesdepur
_bAdivasi Welfare Society
_c2017
942 _cBK
999 _c5681
_d5679